| 000 | 00565nam a2200205Ia 4500 | ||
|---|---|---|---|
| 003 | GCL | ||
| 008 | 140319s9999 xx 000 0 ara d | ||
| 040 |
_aGCL / _cGCL |
||
| 082 | 0 | 4 |
_a320.01 _bل م |
| 100 | 1 | _aلاسكى، هارولدج | |
| 245 | 1 | 0 |
_aمدخل الى علم السياسة / _cلاسكى، هارولدج |
| 700 | 1 | _aعزالدين محمد حسن | |
| 300 | _a133 ص | ||
| 490 |
_aالالف كتاب _v0 |
||
| 650 | 0 | 4 | _aالسياسة |
| 650 | 0 | 4 | _aنظريات |
| 650 | 0 | 4 | _aالتنظيم |
| 650 | 0 | 4 | _aالدولة |
| 942 |
_2ddc _cBK |
||
| 999 |
_c45385 _d45385 |
||